Вып. 6; Проблемы мирового революционного процесса

書誌詳細
Parent link:Проблемы мирового революционного процесса/ Академия общественных наук при ЦК КПСС ; под ред. Ю. А. Красина. Вып. 6.— , 1981-1988
要約:Исключено из фонда НТБ ТПУ
言語:ロシア語
出版事項: 1986
フォーマット: MixedMaterials 図書
KOHA link:https://koha.lib.tpu.ru/cgi-bin/koha/opac-detail.pl?biblionumber=266515

MARC

LEADER 00000nam2a2200000 4500
001 266515
005 20231031223534.0
035 |a (RuTPU)RU\TPU\book\289535 
090 |a 266515 
100 |a 20140710d1986 km y0rusy50 ca 
101 0 |a rus 
102 |a RU 
105 |a y z 000zy 
200 0 |a Вып. 6 
210 |d 1986 
215 |a 300 с. 
333 |a Исключено из фонда НТБ ТПУ 
461 1 |0 (RuTPU)RU\TPU\book\299215  |t Проблемы мирового революционного процесса  |f Академия общественных наук при ЦК КПСС ; под ред. Ю. А. Красина  |v Вып. 6  |d 1981-1988 
801 1 |a RU  |b 63413507  |c 20140710 
801 2 |a RU  |b 63413507  |c 20220211  |g RCR 
942 |c BK